000
00293nam a2200109Ia 4500
008
220204s9999 xx 000 0 und d
082
_a
066.02
_b
BRI
100
_a
Brian, P L Thibant
245
0
_a
Staged cascades in chemical processing
260
_a
New Jersey
_b
Prentice hall
_c
1972
942
_c
BK
999
_c
26899
_d
26899